Countries with Peruvian embassies - Statistics

General Stats
  • This quiz has been taken 48 times
  • The average score is 50 of 62
Answer Stats
Continent Country % Correct
South America Argentina
94%
Oceania Australia
94%
Europe Austria
94%
South America Colombia
94%
South America Ecuador
94%
Europe France
94%
South America Brazil
92%
South America Chile
92%
Asia China
92%
Asia India
92%
North America Nicaragua
92%
Asia/ Europe Russia
92%
Europe Spain
92%
Europe United Kingdom
92%
South America Bolivia
89%
North America Canada
89%
North America Costa Rica
89%
North America Honduras
89%
Europe Italy
89%
Asia Japan
89%
South America Paraguay
89%
Europe Portugal
89%
Europe Sweden
89%
Asia/ Europe Turkey
89%
North America United States of America
89%
Europe Belgium
86%
Europe Germany
86%
North America Mexico
86%
North America Panama
86%
Europe Switzerland
86%
Europe the Netherlands
86%
South America Uruguay
86%
South America Venezuela
86%
Africa Algeria
83%
North America Cuba
83%
North America El Salvador
83%
Europe Ireland
83%
Africa South Africa
83%
Asia South Korea
83%
Europe Finland
81%
Europe Poland
81%
Africa Egypt
78%
Europe Hungary
78%
Asia Indonesia
78%
Europe Norway
78%
Europe Romania
78%
Asia Saudi Arabia
78%
North America Dominican Republic
75%
Asia Vietnam
75%
Europe Czech Republic
72%
Asia Israel
72%
Asia United Arab Emirates
72%
Asia Malaysia
69%
Asia Qatar
64%
Asia Singapore
64%
Asia Thailand
64%
Europe Vatican City
58%
Asia Azerbaijan
56%
Africa Morocco
56%
Asia Kuwait
53%
North America Trinidad and Tobago
53%
Africa Ghana
36%
No matching quizzes found
Score Distribution
Percent of People with Each Score
Percentile by Number Answered
Your Score History
You have not taken this quiz